Advanced accounts (Record no. 3791)

000 -LEADER
fixed length control field 00583nam a22002291 4500
001 - CONTROL NUMBER
control field 3791
003 - CONTROL NUMBER IDENTIFIER
control field BD-DhUET
008 - FIXED-LENGTH DATA ELEMENTS--GENERAL INFORMATION
fixed length control field 740123s1966 ii k 000 0 eng
020 ## - INTERNATIONAL STANDARD BOOK NUMBER
International Standard Book Number 8121902789
040 ## - CATALOGING SOURCE
Original cataloging agency DLC
Transcribing agency DLC
Modifying agency BD-DhUET
082 00 - DEWEY DECIMAL CLASSIFICATION NUMBER
Classification number 657
Item number SHU/1999
100 1# - MAIN ENTRY--PERSONAL NAME
Personal name Shukla, M. C.
245 10 - TITLE STATEMENT
Title Advanced accounts
Statement of responsibility, etc. by M. C. Shukla and T. S. Grewal
250 ## - EDITION STATEMENT
Edition statement 14th ed.
260 ## - PUBLICATION, DISTRIBUTION, ETC. (IMPRINT)
Place of publication, distribution, etc. New Delhi
Name of publisher, distributor, etc. S, chand
Date of publication, distribution, etc. 1999
300 ## - PHYSICAL DESCRIPTION
Extent v.p.
Other physical details ill.
Dimensions 25 cm.
504 ## - BIBLIOGRAPHY, ETC. NOTE
Bibliography, etc Includes bibliographies
650 #0 - SUBJECT ADDED ENTRY--TOPICAL TERM
Topical term or geographic name as entry element Accounting
700 ## - ADDED ENTRY--PERSONAL NAME
Personal name Grewal, T. S.
700 ## - ADDED ENTRY--PERSONAL NAME
Personal name Gupta, S. C.
942 ## - ADDED ENTRY ELEMENTS (KOHA)
Koha item type General Book
Holdings
Source of classification or shelving scheme Location (home branch) Sublocation or collection (holding branch) Koha date last seen Price effective from Koha full call number Koha normalized classification for sorting Damaged status Copy number Withdrawn status Not for loan Piece designation (barcode) Shelving location Koha item type Date acquired Lost status
 Central Library, BUETCentral Library, BUET2014-11-052014-11-05657/SHU/1999657SHU1999 1  93656Circulation sectionGeneral Book2014-11-05 
 Central Library, BUETCentral Library, BUET2014-11-052014-11-05657/SHU/1999657SHU1999 2  93657Circulation sectionGeneral Book2014-11-05 
 Central Library, BUETCentral Library, BUET2014-11-052014-11-05657/SHU/1999657SHU1999 3  93658Circulation sectionGeneral Book2014-11-05 
 Central Library, BUETCentral Library, BUET2014-11-052014-11-05657/SHU/1999657SHU1999 4  93659Circulation sectionGeneral Book2014-11-05 
 Central Library, BUETCentral Library, BUET2014-11-052014-11-05657/SHU/1999657SHU1999 5  93660Circulation sectionGeneral Book2014-11-05 
 Central Library, BUETCentral Library, BUET2014-11-052014-11-05657/SHU/1999657_000000000000000_SHU_1999 6  93661Circulation sectionGeneral Book2014-11-05 
 Central Library, BUETCentral Library, BUET2014-11-052014-11-05657/SHU/1999657SHU1999 7  93662Circulation sectionGeneral Book2014-11-05 
 Central Library, BUETCentral Library, BUET2014-11-052014-11-05657/SHU/1999657_000000000000000_SHU_1999 8  93655Circulation sectionGeneral Book2014-11-05 
 Central Library, BUETCentral Library, BUET2015-06-202015-06-20657/SHU/1999657_000000000000000_SHU_1999 9  93654Reading sectionReading Item2015-06-20 
 Central Library, BUETCentral Library, BUET2015-06-202015-06-20657/SHU/1999657_000000000000000_SHU_1999 10  93653Reading sectionReading Item2015-06-20